000
00316nam a2200109Ia 4500
008
171211s9999 xx 000 0 und d
245
_a
Noir Urbanisms: Dystopic Images of the Modern City
245
_c
Gyan Prakash
260
_c
2011
650
_x
Architecture
856
_u
http://down.ebook777.com/064/0691146438.pdf
999
_c
350011
_d
350011